[Event "XXXV d'Esca Open"]
[Site "Sitges ESP"]
[Date "2009.07.24"]
[Round "3"]
[White "Panchanathan,M"]
[Black "Lasinskas,P"]
[Result "1-0"]
[WhiteElo "2493"]
[BlackElo "2268"]

1.e4 e6 2.d4 d5 3.Nd2 Nc6 4.Ngf3 Nf6 5.e5 Nd7 6.Bb5 a6 7.Bxc6 bxc6 8.O-O c5
9.dxc5 Nxc5 10.Re1 Bb7 11.Nb3 Ne4 12.Na5 Bc8 13.c4 c5 14.Rxe4 dxe4 15.Qxd8+ Kxd8
16.Ng5 Kc7 17.Nxf7 Rg8 18.Bg5 Bd7 19.Rd1 h6 20.Be3 Be7 21.Nd6 Rab8 22.b3 Bc6
23.Bxc5 Rbd8 24.a4 Rgf8 25.Ra1 Bg5 26.b4 Bd2 27.Nxc6 Kxc6 28.Nxe4 Rf4 29.Nxd2 a5
30.Be3 Rf5 31.b5+ Kc7 32.c5 Rd3 33.Nc4  1-0

[Event "Politiken Cup"]
[Site "Helsingor DEN"]
[Date "2009.07.25"]
[Round "9"]
[White "Svane,R"]
[Black "Christensen,St"]
[Result "1-0"]
[WhiteElo "2080"]
[BlackElo "2283"]

1.e4 e6 2.d4 d5 3.Nd2 Nc6 4.Ngf3 Nf6 5.e5 Nd7 6.Be2 f6 7.exf6 Qxf6 8.Nf1 Bd6
9.Ne3 b6 10.O-O Bb7 11.c3 O-O 12.Bd3 h6 13.Ng4 Qf7 14.Nh4 Ne7 15.Nxh6+ gxh6
16.Qg4+ Kh8 17.Bxh6 Nf6 18.Qh3 Rg8 19.f4 Ne4 20.Nf3 Nf5 21.Ng5 Rxg5 22.fxg5 Qg6
23.g4 Nxh6 24.Rf6 Nxg5 25.Qxh6+ Qxh6 26.Rxh6+ Kg7 27.Rg6+ Kf7 28.Rxg5 Rh8
29.Rf1+ Ke7 30.Rh5  1-0

[Event "Continental ch-Americas"]
[Site "Sao Paulo BRA"]
[Date "2009.07.25"]
[Round "1"]
[White "Aragao Neto,J"]
[Black "Avalos Parra,J"]
[Result "0-1"]
[WhiteElo "1859"]
[BlackElo "2243"]

1.e4 e6 2.d4 d5 3.Nd2 Nc6 4.Ngf3 Nf6 5.e5 Nd7 6.c3 f6 7.exf6 Qxf6 8.Bb5 Bd6
9.O-O O-O 10.Re1 Kh8 11.Nf1 e5 12.Bg5 Qg6 13.Bxc6 bxc6 14.dxe5 Nxe5 15.Nxe5 Qxg5
16.Nf3 Qg6 17.Ng3 Bg4 18.Re3 Bf4 19.Rd3 Rae8 20.Nh4 Qg5 21.Nf3 Qh6 22.Qa4 Qg6
23.Rad1 h5 24.h3 Bxh3 25.Nh4 Qg4 26.Nhf5 Bxg3 27.Qxg4 Bxf2+ 28.Kh2 Bxg4  0-1

[Event "zt 3.3 w"]
[Site "Ho Chi Minh City VIE"]
[Date "2009.07.26"]
[Round "5"]
[White "Pham Thi Ngoc Tu"]
[Black "Le Thanh Tu"]
[Result "1/2-1/2"]
[WhiteElo "2089"]
[BlackElo "2310"]

1.e4 e6 2.d4 d5 3.Nd2 Be7 4.Bd3 c5 5.c3 Nf6 6.e5 Nfd7 7.Ne2 b6 8.O-O Ba6
9.Bc2 Nc6 10.Nf3 cxd4 11.cxd4 Rc8 12.Re1 g5 13.Be3 g4 14.Nd2 Bg5 15.Nc3 h5
16.Ba4 Kf8 17.Bxc6 Rxc6 18.Qa4 Nb8 19.Nb5 Bxe3 20.fxe3 Bxb5 21.Qxb5 Kg7 22.Qd3 Qg5
23.e4 Rd8 24.Rad1 Nd7 25.Rf1 Nf8 26.exd5 exd5 27.Rf5 Qh6 28.Nf1 h4 29.Ne3 Rg6
30.Rdf1 Rd7 31.Nxd5 g3 32.h3 Ne6 33.Qc4 Qd2 34.Nf6 Rxd4 35.Qc8 Rd8 36.Qb7 Ng5
37.Nh5+ Kh6 38.Nf4 Rg7 39.Qc6+ Kh7 40.Qf6 Rdg8 41.b3 b5 42.e6 fxe6 43.Rxg5 Rxg5
44.Nxe6 Qe3+ 45.Kh1 Qe5 46.Nxg5+ Qxg5 47.Qd4 Rg7 48.Qe4+ Kg8 49.Qe6+ Kh7
50.Re1 Qg6 51.Qe5 a6 52.Qd4 Qg5 53.Qd3+ Kh8 54.Re8+ Rg8 55.Qd4+ Kh7 56.Qe4+ Kh8
57.Qd4+ Kh7 58.Re1 Rg7 59.Rg1 Re7 60.Qd3+ Kg7 61.Qc3+ Kh7 62.Qc2+ Kg7 63.Rf1 Qe3  1/2-1/2

[Event "ch-AUT"]
[Site "Jenbach AUT"]
[Date "2009.07.26"]
[Round "2"]
[White "Spindelberger,P"]
[Black "Jedinger,A"]
[Result "0-1"]
[WhiteElo "2039"]
[BlackElo "2170"]

1.e4 e6 2.d4 d5 3.Nd2 Nc6 4.Ngf3 Nf6 5.e5 Nd7 6.Nb3 Be7 7.h4 f6 8.Bf4 a5
9.a4 O-O 10.Bd3 Qe8 11.c3 Qh5 12.Qe2 fxe5 13.Bxe5 Ncxe5 14.dxe5 c5 15.Nbd2 Kh8
16.O-O-O c4 17.Bc2 b5 18.g4 Qxg4 19.Bxh7 bxa4 20.Rdg1 Qh5 21.Bg6 Qh6 22.Bb1 Nc5
23.Ng5 Bd7 24.Rg3 a3 25.Kd1 a2 26.Bxa2 Nd3 27.Ndf3 Rab8 28.b3 Ba4 29.Rh2 Bxb3+
30.Bxb3 Rxb3 31.Qa2 Rb2 32.Qxa5 Rxf3 33.Rxf3 Bxg5 34.Rf8+ Kh7 35.Qa8 Rd2+  0-1

[Event "Czech Open A"]
[Site "Pardubice CZE"]
[Date "2009.07.26"]
[Round "3"]
[White "Denisov,I"]
[Black "Paci,C"]
[Result "0-1"]
[WhiteElo "2192"]
[BlackElo "2325"]

1.e4 e6 2.d4 d5 3.Nd2 Be7 4.Bd3 c5 5.Ngf3 Nf6 6.exd5 Qxd5 7.Qe2 cxd4 8.b3 Nc6
9.Bb2 O-O 10.O-O-O e5 11.Rhe1 Bg4 12.h3 Bxf3 13.Nxf3 Bb4 14.Nd2 Rfe8 15.Kb1 Rad8
16.g4 Bxd2 17.Rxd2 e4 18.Bc4 Qc5 19.Red1 b5 20.g5 bxc4 21.gxf6 c3 22.Bxc3 dxc3
23.Rxd8 Rxd8 24.Rxd8+ Nxd8 25.Qg4 Ne6 26.Qxe4 Qa3  0-1

[Event "MTO"]
[Site "Biel SUI"]
[Date "2009.07.27"]
[Round "7"]
[White "Godena,M"]
[Black "Lysyj,I"]
[Result "1/2-1/2"]
[WhiteElo "2540"]
[BlackElo "2617"]

1.e4 e6 2.d4 d5 3.Nd2 Nc6 4.Ngf3 Nf6 5.e5 Nd7 6.Be2 Be7 7.O-O f6 8.exf6 Bxf6
9.c4 O-O 10.Nb3 a5 11.Be3 a4 12.Nbd2 a3 13.bxa3 Rxa3 14.Qc2 Nb6 15.Rab1 Qe7
16.Rfe1 Qf7 17.c5 Nd7 18.Bb5 h6 19.Bxc6 bxc6 20.Bf4 Ra7 21.Bg3 Be7 22.Nb3 g5
23.Rb2 g4 24.Ne5 Nxe5 25.Rxe5 Bf6 26.Re1 Ba6 27.Rxe6 Qxe6 28.Qg6+ Kh8 29.Qxh6+ Kg8
30.Qg6+ Kh8 31.Qh6+  1/2-1/2

[Event "Czech Open A"]
[Site "Pardubice CZE"]
[Date "2009.07.27"]
[Round "4"]
[White "Jens,J"]
[Black "Cvek,R"]
[Result "1/2-1/2"]
[WhiteElo "2356"]
[BlackElo "2520"]

1.e4 e6 2.d4 d5 3.Nd2 Be7 4.Bd3 c5 5.dxc5 Nf6 6.Qe2 O-O 7.Ngf3 a5 8.O-O Na6
9.e5 Nd7 10.c4 Naxc5 11.Bc2 b6 12.b3 Bb7 13.Bb2 Qc7 14.Rfe1 Rfd8 15.Nd4 Nf8
16.Nb5 Qd7 17.Rad1 dxc4 18.bxc4 Qc6 19.Nf3 Ng6 20.Nbd4 Qe8 21.Qe3 Ba6 22.Rc1 Rac8
23.Ba1 Rc7 24.h4 Rdc8 25.h5 Nf8 26.Nd2 Qd8 27.Red1 Rd7 28.N2f3 Qe8 29.Kh2 Rdc7
30.Nd2 Ncd7 31.Qe2 Bg5 32.N4f3 Bh6 33.Bd4 Qe7 34.Bb1 Bxd2 35.Qxd2 h6 36.Qe3 Bxc4
37.Bxb6 Nxb6 38.Qxb6 Be2 39.Rxc7 Rxc7 40.Re1 Bxf3 41.gxf3 Qh4+ 42.Kg2 Qg5+
43.Kf1 Rd7 44.Qxa5 Qxh5 45.Qc3 Qh4 46.Bc2 Nh7 47.a4 Rd8 48.Bxh7+ Kxh7 49.a5 Qa4
50.Ra1 Qb5+ 51.Kg2 Ra8 52.Qc7 Ra6 53.Qc2+ g6 54.Qc8 Kg7 55.Rb1 Qxb1 56.Qxa6 Qc1
57.Qb7 Qg5+ 58.Kf1 Qc1+ 59.Kg2 Qg5+  1/2-1/2

[Event "XXXV d'Esca Open"]
[Site "Sitges ESP"]
[Date "2009.07.27"]
[Round "6"]
[White "Satyapragyan,S"]
[Black "Karlsson,L"]
[Result "0-1"]
[WhiteElo "2423"]
[BlackElo "2468"]

1.e4 e6 2.d4 d5 3.Nd2 a6 4.Bd3 c5 5.dxc5 Bxc5 6.Ngf3 Nf6 7.Qe2 Be7 8.e5 Nfd7
9.Nb3 Nc6 10.h4 Qc7 11.Bf4 f6 12.exf6 Qxf4 13.fxe7 e5 14.g3 Qb4+ 15.c3 Qxe7
16.Bc2 Nf6 17.Ng5 e4 18.O-O-O h6 19.Nh3 Bg4 20.Qe3 Ne5 21.Nf4 Bxd1 22.Rxd1 O-O-O
23.Qa7 Nc6 24.Qb6 Rhe8 25.Nc5 Rd6 26.Qb3 g5 27.hxg5 hxg5 28.Ne2 Qc7 29.Qa3 Ne5
30.Qb4 Nc4 31.Nb3 Rb6 32.Qa4 Qc6 33.Nbd4 Qxa4 34.Bxa4 Nxb2  0-1

[Event "96th ch-GBR"]
[Site "Torquay ENG"]
[Date "2009.07.27"]
[Round "1"]
[White "Rendle,T"]
[Black "Cumbers,P"]
[Result "1-0"]
[WhiteElo "2377"]
[BlackElo "2207"]

1.e4 e6 2.d4 d5 3.Nd2 Nc6 4.Ngf3 Nf6 5.e5 Nd7 6.c3 f6 7.Bb5 fxe5 8.dxe5 Be7
9.Nd4 Ndxe5 10.f4 a6 11.Qh5+ Kd7 12.Bxc6+ Nxc6 13.N2f3 Qe8 14.Qg4 Bf6 15.Be3 Kd8
16.Nxc6+ bxc6 17.Ne5 a5 18.O-O Ba6 19.Rf2 Kc8 20.Bc5 Kb7 21.Qd1 h5 22.Qb3+ Kc8
23.Re1 h4 24.h3 Rh5 25.Qd1 Rf5 26.Ng4 Kd7 27.Ne3 Rh5 28.f5 Be5 29.fxe6+ Kc8
30.Rf8  1-0

[Event "zt 3.3 w"]
[Site "Ho Chi Minh City VIE"]
[Date "2009.07.28"]
[Round "8"]
[White "Dewi,A"]
[Black "Cua,Sherc"]
[Result "1/2-1/2"]
[WhiteElo "1923"]
[BlackElo "2167"]

1.e4 e6 2.d4 d5 3.Nd2 Nc6 4.c3 dxe4 5.Nxe4 Qd5 6.Bd3 e5 7.dxe5 Nxe5 8.Bc2 Qxd1+
9.Kxd1 Bg4+ 10.f3 O-O-O+ 11.Ke2 Be6 12.b3 h6 13.Be3 Nd7 14.Kf2 f5 15.Ng3 g6
16.N1e2 Bg7 17.Rad1 Ngf6 18.c4 Rhe8 19.h4 h5 20.Nf4 Bf7 21.Rhe1 Bf8 22.Nd3 Nh7
23.Nf1 Be7 24.g3 Nhf8 25.Nf4 Bb4 26.Re2 Bc5 27.Bxc5 Nxc5 28.Rxe8 Rxe8 29.Ne3 c6
30.b4 Nce6 31.Nh3 Rd8 32.Rxd8+ Kxd8 33.a3 Nd4 34.Bd3 Nd7 35.Ng5 Ke7 36.Nxf7 Kxf7
37.Nc2  1/2-1/2

[Event "96th ch-GBR"]
[Site "Torquay ENG"]
[Date "2009.07.28"]
[Round "2"]
[White "Dines,S"]
[Black "Cumbers,P"]
[Result "0-1"]
[WhiteElo "1936"]
[BlackElo "2207"]

1.e4 e6 2.d4 d5 3.Nd2 Nc6 4.c3 e5 5.exd5 Qxd5 6.dxe5 Nxe5 7.Ngf3 Nd3+ 8.Bxd3 Qxd3
9.Qa4+ Bd7 10.Qe4+ Qxe4+ 11.Nxe4 Bc6 12.Ned2 O-O-O 13.O-O Ne7 14.Nd4 Bd7
15.N2f3 Nc6 16.Be3 Nxd4 17.Bxd4 f6 18.Rfe1 c5 19.Be3 Bd6 20.Nd2 b6 21.a4 Rhe8
22.Nc4 Bc7 23.a5 Kb7 24.b4 cxb4 25.axb6 axb6 26.cxb4 Re4 27.Rec1 Be6 28.Nb2 Be5
29.Rcb1 Rxb4 30.Na4 Bxa1  0-1

[Event "ch-POL w"]
[Site "Bogatynia POL"]
[Date "2009.07.29"]
[Round "11"]
[White "Warakomska,A"]
[Black "Rajlich,I"]
[Result "0-1"]
[WhiteElo "2193"]
[BlackElo "2448"]

1.e4 e6 2.d4 d5 3.Nd2 Be7 4.Ngf3 Nf6 5.Bd3 c5 6.dxc5 dxe4 7.Nxe4 Nxe4 8.Bxe4 Qxd1+
9.Kxd1 Bxc5 10.Ke2 Nd7 11.Bf4 Nf6 12.Bd3 Nd5 13.Bg3 f6 14.Rad1 Bd7 15.a3 b5
16.c4 bxc4 17.Bxc4 Nb6 18.Bd3 e5 19.Rc1 Be7 20.Rhd1 Ba4 21.Bc2 Kf7 22.Bxa4 Nxa4
23.Rd7 Rhd8 24.Rb7 Rdb8 25.Rcc7 Rxb7 26.Rxb7 Nc5 27.Rc7 a5 28.Nd2 Ne6 29.Rb7 Rc8
30.Ne4 Nd4+ 31.Ke3 Ke6 32.f4 Nf5+ 33.Kf3 exf4 34.Kxf4 g5+ 35.Kf3 h5 36.Rb6+ Kf7
37.Nd6+ Bxd6 38.Bxd6 Rc2 39.Bg3 g4+ 40.Kf4 Kg6 41.Ke4 Nxg3+ 42.hxg3 Rxg2
43.a4 Rxg3 44.Rb5 Rg2 45.Kf4 Rf2+ 46.Kg3 Rf3+ 47.Kg2 Rd3 48.Rxa5 Rd2+ 49.Kg3 Rxb2
50.Ra8 Rb3+ 51.Kg2 h4 52.a5 Rb2+ 53.Kg1 Kf5  0-1

[Event "ZMD Open"]
[Site "Dresden GER"]
[Date "2009.07.29"]
[Round "5"]
[White "Baklan,V"]
[Black "Farago,I"]
[Result "1-0"]
[WhiteElo "2639"]
[BlackElo "2511"]

1.e4 e6 2.d4 d5 3.Nd2 Be7 4.Bd3 c5 5.dxc5 Nf6 6.Qe2 Nc6 7.Ngf3 a5 8.O-O O-O
9.c4 Bxc5 10.e5 Nd7 11.Nb3 Be7 12.Rd1 a4 13.Nbd4 Nc5 14.Bc2 Bd7 15.cxd5 exd5
16.Be3 g6 17.Rac1 Ne6 18.Nb5 Ra5 19.Nc3 d4 20.Nxd4 Nexd4 21.Bxd4 a3 22.bxa3 Bxa3
23.Rb1 Qe7 24.Be3 Nxe5 25.Rxb7 Qe6 26.Rb6 Qg4 27.Bb3 Bc5 28.Bxc5 Rxc5 29.f3 Qh4
30.Nd5 Nc6 31.Qb2 Rd8 32.Nf6+ Kf8 33.Nxd7+ Rxd7 34.Qh8+ Ke7 35.Rxd7+ Kxd7
36.Rb7+  1-0

[Event "Czech Open A"]
[Site "Pardubice CZE"]
[Date "2009.07.29"]
[Round "6"]
[White "Rasik,V"]
[Black "Serov,M"]
[Result "1/2-1/2"]
[WhiteElo "2455"]
[BlackElo "2345"]

1.e4 e6 2.d4 d5 3.Nd2 a6 4.Ngf3 c5 5.exd5 exd5 6.Be2 c4 7.O-O Bd6 8.b3 cxb3
9.axb3 Nc6 10.Bb2 Nge7 11.Ne5 O-O 12.Ndf3 Bf5 13.c4 Rc8 14.Rc1 Re8 15.Qd2 Na5
16.Bd1 f6 17.Bc3 Bc7 18.Ra1 fxe5 19.Bxa5 Bxa5 20.Rxa5 dxc4 21.Rxe5 c3 22.Qc1 c2
23.Be2 b5 24.Re1 Bg6 25.Nh4 Bf7 26.Bg4 Rc7 27.Nf3 Nd5 28.Rxe8+ Bxe8 29.Be6+ Bf7
30.Ng5 Bxe6 31.Nxe6 Qc8 32.Nxc7 Qxc7 33.Re8+ Kf7 34.Re5 Qc6 35.g3 a5 36.Rxd5 Qxd5
37.Qxc2 Kf6 38.Qc3 b4 39.Qd3 Qf5 40.Qa6+ Kg5 41.h4+ Kg4 42.Qe2+ Kh3 43.Qf1+ Kg4
44.Kh2 Qf3 45.Qe1 a4 46.bxa4 b3 47.Qe6+ Kh5 48.Qe5+ Kg6 49.Qe6+ Kh5 50.Qe5+ Kg6  1/2-1/2

[Event "Open"]
[Site "Stara Pazova SRB"]
[Date "2009.07.29"]
[Round "6"]
[White "Kostic,VG"]
[Black "Michalik,P"]
[Result "0-1"]
[WhiteElo "2436"]
[BlackElo "2428"]

1.e4 e6 2.d4 d5 3.Nd2 Nc6 4.Ngf3 Nf6 5.e5 Nd7 6.c4 dxc4 7.Nxc4 Nb6 8.a3 Nxc4
9.Bxc4 Ne7 10.O-O Nd5 11.Qb3 Be7 12.Bb5+ c6 13.Bd3 b6 14.Qc2 Bb7 15.Qe2 h6
16.Be3 Qd7 17.b4 a5 18.Nd2 axb4 19.Qg4 Nxe3 20.fxe3 Rxa3 21.Qxg7 Rf8 22.Rxa3 bxa3
23.Nc4 Ba6 24.Nd6+ Bxd6 25.Bxa6 Be7 26.Bc4 Bg5 27.Kh1 b5 28.Be2 a2 29.Bh5 Qe7
30.Qh7 Qa3 31.Qc2 Kd7 32.Bf3 Rc8 33.Ra1 Bxe3 34.Rxa2 Qc1+ 35.Qxc1 Bxc1 36.Ra7+ Rc7
37.Ra8 Be3 38.Bh5 Ke7 39.Rh8 Bxd4 40.Rxh6 Bxe5 41.Rh7 Kf8 42.Be2 c5 43.Rh5 f6
44.g4 c4  0-1

[Event "Czech Open A"]
[Site "Pardubice CZE"]
[Date "2009.07.30"]
[Round "7"]
[White "Petr,Ma"]
[Black "Praznik,N"]
[Result "1/2-1/2"]
[WhiteElo "2478"]
[BlackElo "2379"]

1.e4 e6 2.d4 d5 3.Nd2 Nc6 4.Ngf3 Nf6 5.e5 Nd7 6.Be2 f6 7.exf6 Qxf6 8.Nf1 Bd6
9.Ne3 O-O 10.O-O Qg6 11.c4 Nf6 12.c5 Bf4 13.Nc2 Bxc1 14.Rxc1 Bd7 15.b4 a6
16.a4 Qe8 17.Ra1 e5 18.dxe5 Nxe5 19.Nxe5 Qxe5 20.Bf3 Rae8 21.Re1 Qg5 22.Qd4 c6
23.b5 cxb5 24.axb5 Bxb5 25.h4 Qf5 26.Ne3 Qe5 27.Red1 Bc6 28.Nxd5 Nxd5 29.Bxd5+ Bxd5
30.Qxd5+ Qxd5 31.Rxd5 Re2 32.f3 Rfe8 33.Ra4 R2e5 34.Rd7 R5e7 35.Rad4 Rxd7
36.Rxd7 Rc8 37.Rxb7 Rxc5 38.Kf2 Rc2+ 39.Kg3 a5 40.h5 a4 41.Ra7 Ra2 42.Kh3 a3
43.g3 Ra1 44.Kg4 a2 45.f4 Kf8 46.Ra3 Kf7 47.Ra6 Ke7 48.h6 gxh6 49.Kf5 h5
50.Ra7+ Kd6 51.Ra5 Ke7 52.Ra6 Kd7 53.Ra3 Ke7 54.Re3+ Kd6 55.Ra3 Ke7 56.Ra7+ Kd6
57.Kf6 h4 58.gxh4  1/2-1/2

[Event "Czech Open A"]
[Site "Pardubice CZE"]
[Date "2009.07.31"]
[Round "8"]
[White "Netzer,Ja"]
[Black "Balin,J"]
[Result "1/2-1/2"]
[WhiteElo "2147"]
[BlackElo "2307"]

1.e4 e6 2.d4 d5 3.Nd2 Nc6 4.Ngf3 Nf6 5.e5 Nd7 6.Be2 f6 7.exf6 Qxf6 8.Nf1 Bd6
9.Ne3 O-O 10.O-O Qg6 11.c4 Ne7 12.c5 Bf4 13.g3 Bxe3 14.Bxe3 Qf6 15.Bf4 c6
16.Be5 Nxe5 17.Nxe5 Rd8 18.Bd3 Nf5 19.Bxf5 exf5 20.f4 b6 21.b4 a5 22.bxa5 bxc5
23.dxc5 Rxa5 24.Qd4 Ba6 25.Rfb1 Rc8 26.Rb6 Bc4 27.a4 h5 28.Rb7 Re8 29.Rf7 Qxf7
30.Nxf7 Kxf7 31.Qc3 Ra6 32.Re1 Re4 33.a5 Bb5 34.Rxe4 fxe4 35.Qe5 Ra8 36.Qxh5+ Kg8
37.Qe5 Rxa5 38.Qe8+ Kh7 39.Qh5+ Kg8 40.Qe8+  1/2-1/2

[Event "96th ch-GBR"]
[Site "Torquay ENG"]
[Date "2009.07.31"]
[Round "5"]
[White "Khandelwal,A"]
[Black "Cobb,J"]
[Result "1/2-1/2"]
[WhiteElo "2160"]
[BlackElo "2432"]

1.e4 e6 2.d4 d5 3.Nd2 Be7 4.Ngf3 Nf6 5.e5 Nfd7 6.Bd3 c5 7.c3 Nc6 8.O-O g5
9.dxc5 g4 10.Nd4 Ncxe5 11.Bb5 Bxc5 12.f4 Nc6 13.Nb3 Bxd4+ 14.cxd4 f5 15.Nc5 Kf7
16.Bxc6 bxc6 17.Qa4 Nf6 18.Bd2 Bd7 19.Ba5 Qc8 20.Qa3 Rb8 21.Be1 Ne4 22.Nd3 c5
23.Bh4 Bb5 24.Ne5+ Kg7 25.Rfc1 Qa6 26.Qe3 c4 27.a4 Be8 28.Qa3 Qd6 29.Qa2 Qb6
30.Rab1 Qxd4+ 31.Kh1 Rb3 32.Rf1 a5 33.Qa1 Rb4 34.Rbe1 Qxb2 35.Qd1 Bxa4 36.Qa1 Qxa1
37.Rxa1 d4 38.Be7 Rhb8 39.Rfc1 Nf2+ 40.Kg1 Nd3 41.Nxd3 cxd3  1/2-1/2

[Event "XXXV Open"]
[Site "Badalona ESP"]
[Date "2009.08.01"]
[Round "1"]
[White "Brandenburg,D"]
[Black "Gutierrez Anso,J"]
[Result "1-0"]
[WhiteElo "2463"]
[BlackElo "2100"]

1.e4 e6 2.d4 d5 3.Nd2 a6 4.Bd3 c5 5.dxc5 Bxc5 6.Ngf3 Nf6 7.exd5 exd5 8.O-O O-O
9.Nb3 Bb6 10.h3 Nc6 11.c3 Re8 12.Bg5 Qd6 13.c4 h6 14.Bxf6 gxf6  1-0

[Event "FSGM August"]
[Site "Budapest HUN"]
[Date "2009.08.01"]
[Round "1"]
[White "Oleksienko,M"]
[Black "Pap,G"]
[Result "1-0"]
[WhiteElo "2543"]
[BlackElo "2503"]

1.e4 e6 2.d4 d5 3.Nd2 Nc6 4.Ngf3 Nf6 5.e5 Nd7 6.Be2 b6 7.O-O Bb7 8.Re1 Qe7
9.c3 O-O-O 10.b4 f6 11.Nb3 Qf7 12.a4 Kb8 13.a5 fxe5 14.axb6 cxb6 15.b5 Ne7
16.dxe5 h6 17.Nfd4 g6 18.Bg4 Nf5 19.Qe2 Nc5 20.Qa2 Nxb3 21.Nxb3 Ba8 22.Bxf5 gxf5
23.Be3 Qc7 24.Nd4 Re8 25.Nc6+ Bxc6 26.bxc6 Rh7 27.Bxb6 Qxc6 28.Bxa7+ Kc8
29.Reb1 Rb7 30.Bd4 Kd7 31.Qe2 Ra8 32.h3 Rxa1 33.Rxa1 Qc8 34.Kh2 Rc7 35.g4 fxg4
36.Qxg4 Qe8 37.Ra5 Kc6 38.Bc5  1-0

[Event "Czech Open A"]
[Site "Pardubice CZE"]
[Date "2009.08.01"]
[Round "9"]
[White "Chernyshov,K"]
[Black "Gorbatov,A"]
[Result "1/2-1/2"]
[WhiteElo "2555"]
[BlackElo "2404"]

1.e4 e6 2.d4 d5 3.Nd2 Nc6 4.Ngf3 Nf6 5.e5 Nd7 6.c4 dxc4 7.Nxc4 Nb6 8.a3 Be7
9.Be3 Nd5 10.Qc2 Bd7 11.h4 a5 12.Bd3 h6 13.g4 a4 14.Ke2 Na5 15.g5 Nxc4 16.Bxc4 Bc6
17.gxh6 gxh6 18.Rag1 Qd7 19.Rg7 Bf8 20.Rg3 Bb5 21.Nd2 Qc6 22.Rc1 Bxc4+ 23.Nxc4 Ne7
24.Qd3 Qd5 25.Rf3 Nf5 26.Rxf5 exf5 27.Qxf5 Be7 28.Nd2 Qb5+ 29.Kf3 Qd7 30.Qxd7+ Kxd7
31.Ne4 Bxh4 32.d5 Be7 33.d6 cxd6 34.exd6 Bd8 35.Nc5+ Kxd6 36.Nxb7+ Kd5 37.Nxd8 Raxd8
38.Bxh6 Rde8 39.Be3 Rh3+ 40.Kg2 Rexe3 41.fxe3 Rxe3 42.Rc7 Re2+ 43.Kf1 Rxb2
44.Ra7 Ke4 45.Rxa4+ Kf3 46.Rb4  1/2-1/2

[Event "Open"]
[Site "Stara Pazova SRB"]
[Date "2009.08.02"]
[Round "10"]
[White "Georgiev,Kr"]
[Black "Michalik,P"]
[Result "1-0"]
[WhiteElo "2430"]
[BlackElo "2428"]

1.e4 e6 2.d4 d5 3.Nd2 Nc6 4.Ngf3 Nf6 5.e5 Nd7 6.Bb5 a6 7.Bxc6 bxc6 8.Nb3 c5
9.Bg5 Be7 10.h4 h6 11.Bxe7 Qxe7 12.Qd2 cxd4 13.Nbxd4 Bb7 14.b4 a5 15.b5 Qb4
16.a4 Qc4 17.h5 Nc5 18.Rh4 Ne4 19.Qe3 O-O 20.Nd2 Qb4 21.f3 Qe7 22.Rg4 f5
23.exf6 Nxf6 24.Nf5 exf5 25.Qxe7 fxg4 26.O-O-O Rf7 27.Qc5 gxf3 28.Nxf3 Ne4
29.Qd4 Re8 30.Ne5 Rf6 31.Nd7 Rf4 32.Nc5 Ng3 33.Qd2 Rd4 34.Re1 Rxd2 35.Rxe8+ Kf7
36.Rb8 Rxg2 37.Rxb7 Ne2+ 38.Kb2 Nd4 39.Rxc7+ Ke8 40.b6  1-0

[Event "96th ch-GBR"]
[Site "Torquay ENG"]
[Date "2009.08.03"]
[Round "7"]
[White "Fitzsimons,D"]
[Black "Cobb,J"]
[Result "0-1"]
[WhiteElo "2167"]
[BlackElo "2432"]

1.e4 e6 2.d4 d5 3.Nd2 a6 4.Ngf3 c5 5.exd5 exd5 6.g3 Nc6 7.Bg2 Qe7+ 8.Kf1 Bf5
9.dxc5 Qxc5 10.Nb3 Qxc2 11.Qe1+ Qe4 12.Be3 Bb4 13.Nfd2 Qe6 14.a3 Be7 15.Nf3 Nf6
16.Nfd4 Nxd4 17.Nxd4 Bd3+ 18.Kg1 Qd7 19.Rd1 Bg6 20.h4 O-O 21.Bh3 Qd8 22.g4 h5
23.g5 Ng4 24.Bf4 Re8 25.Qd2 Bc5 26.Kg2 Rc8 27.Rhe1 Rxe1 28.Rxe1 Bxd4 29.Qxd4 Rc4
30.Qd2 Rc2 31.Qd4 Nxf2 32.Rc1 Nxh3+ 33.Kxh3 Qc8+  0-1

[Event "XXXV Open"]
[Site "Badalona ESP"]
[Date "2009.08.04"]
[Round "4"]
[White "Panchanathan,M"]
[Black "Rojas Keim,L"]
[Result "1-0"]
[WhiteElo "2493"]
[BlackElo "2453"]

1.e4 e6 2.d4 d5 3.Nd2 Nc6 4.Ngf3 Nf6 5.e5 Nd7 6.Bb5 f6 7.O-O fxe5 8.dxe5 Be7
9.c4 O-O 10.Qe2 Nc5 11.Bxc6 bxc6 12.Nd4 Qd7 13.Rd1 Na4 14.Qg4 Rb8 15.N2b3 c5
16.Nb5 a6 17.Na7 Bb7 18.Na5 d4 19.Rd3 Ba8 20.Bh6 Rf7 21.b3 Nb6 22.Rh3 c6
23.f4 Bf8 24.Rf1 Re8 25.Bg5 Qxa7 26.Rff3 Nd7 27.Rxh7 g6 28.Bf6 Nxf6 29.exf6 Rxh7
30.Qxg6+ Kh8 31.Qxe8 Qf7 32.Qxa8 Qxf6 33.Nxc6 d3 34.Ne5 d2 35.Rd3 Kg8 36.Qf3 Bh6
37.g3 Rg7 38.Kf2 a5  1-0

[Event "University of Twente YM"]
[Site "Enschede NED"]
[Date "2009.08.04"]
[Round "5"]
[White "Burg,T"]
[Black "Iotov,V"]
[Result "1/2-1/2"]
[WhiteElo "2422"]
[BlackElo "2603"]

1.e4 e6 2.d4 d5 3.Nd2 Be7 4.c3 c5 5.dxc5 Bxc5 6.Bd3 Nf6 7.Qe2 Nc6 8.Ngf3 dxe4
9.Nxe4 Nxe4 10.Bxe4 h6 11.Bf4 O-O 12.Rd1 Qb6  1/2-1/2

[Event "IMA"]
[Site "Olomouc CZE"]
[Date "2009.08.05"]
[Round "1"]
[White "Vrana,J"]
[Black "Johansson,Ja SWE"]
[Result "0-1"]
[WhiteElo "2236"]
[BlackElo "2437"]

1.e4 e6 2.d4 d5 3.Nd2 Nc6 4.Ngf3 Nf6 5.e5 Nd7 6.c4 dxc4 7.Nxc4 Nb6 8.a3 Bd7
9.Nxb6 axb6 10.Bd3 Nb4 11.Be4 Bc6 12.Bg5 Be7 13.Bxc6+ Nxc6 14.Be3 O-O 15.h4 Qd5
16.h5 b5 17.Rc1 b4 18.axb4 Ra2 19.Rb1 Qc4 20.Qe2 Qxe2+ 21.Kxe2 Nxb4 22.Bd2 Nd5
23.Kd3 Rfa8 24.Ne1 c5 25.dxc5 Bxc5 26.Ke2 h6 27.Nd3 Be7 28.Rhc1 R2a4 29.f3 Rd4
30.Be3 Rda4 31.g3 Bg5 32.Bxg5 hxg5 33.Nc5 Rb4 34.Nd3 Rb3 35.Rc4 Kh7 36.f4 b5
37.Rc2 Ra4 38.Nc5 Rxg3 39.Nxa4 Rg2+ 40.Kd3 Nxf4+ 41.Kc3 Nd5+  0-1

[Event "Open"]
[Site "Ptuj SLO"]
[Date "2009.08.05"]
[Round "5"]
[White "Skok,J"]
[Black "Kovacevic,Bl"]
[Result "0-1"]
[WhiteElo "2046"]
[BlackElo "2436"]

1.e4 e6 2.d4 d5 3.Nd2 Be7 4.Bd3 c5 5.exd5 Qxd5 6.Ngf3 cxd4 7.O-O Nf6 8.Bc4 Qd6
9.Re1 Nc6 10.Bb5 Bd7 11.Nb3 O-O-O 12.Bxc6 Bxc6 13.Nfxd4 e5 14.Bf4 exf4 15.Nf5 Qxd1
16.Nxe7+ Kc7 17.Raxd1 Be4 18.f3 Rxd1 19.Rxd1 Re8 20.Re1 Bxc2 21.Nd5+ Kd6
22.Rxe8 Nxe8 23.Nxf4 Bxb3 24.axb3 Kc5 25.Ne2 Kb4 26.Nd4 Nc7 27.Nf5 Kxb3 28.Nxg7 Kxb2
29.Nf5 a5 30.Nd6 b5  0-1

[Event "96th ch-GBR"]
[Site "Torquay ENG"]
[Date "2009.08.05"]
[Round "9"]
[White "Sowray,P"]
[Black "Gavriel,T"]
[Result "0-1"]
[WhiteElo "2335"]
[BlackElo "2138"]

1.e4 e6 2.d4 d5 3.Nd2 Be7 4.Ngf3 Nf6 5.e5 Nfd7 6.Bd3 c5 7.c3 Nc6 8.O-O g5
9.dxc5 g4 10.Nd4 Ndxe5 11.Be2 h5 12.N2b3 f5 13.Re1 Kf7 14.Bb5 Nxd4 15.Nxd4 Ng6
16.c6 b6 17.Bd3 Bf6 18.Bc2 e5 19.Nxf5 e4 20.c7 Qd7 21.Ne3 d4 22.Bxe4 dxe3
23.Bxe3 Qxd1 24.Rexd1 Be6 25.Bxa8 Rxa8 26.a4 Rc8 27.a5 Rxc7 28.axb6 axb6
29.Bxb6 Rc6 30.Ra7+ Ne7 31.Bd4 Bxd4 32.Rxd4 Kf6 33.Ra8 Nf5 34.Rd2 h4 35.Ra4 Kg5
36.Re4 Ra6 37.Re1 Rc6 38.g3 h3 39.f3 gxf3 40.Kf2 Nh6 41.Kxf3 Ng4 42.Re4 Bf5
43.Ree2 Rc5 44.Rd8 Bh7 45.Red2 Re5 46.R8d3 Bxd3 47.Rxd3 Nxh2+ 48.Kf2 Ng4+
49.Kf3 Rf5+ 50.Ke2 Rf2+  0-1

[Event "HZ Open"]
[Site "Vlissingen NED"]
[Date "2009.08.05"]
[Round "6"]
[White "Adhiban,B"]
[Black "Zaragatski,I"]
[Result "1-0"]
[WhiteElo "2481"]
[BlackElo "2472"]

1.e4 e6 2.d4 d5 3.Nd2 Nc6 4.Ngf3 Nf6 5.e5 Nd7 6.Bd3 f6 7.Ng5 Ndxe5 8.dxe5 fxg5
9.Qh5+ g6 10.Bxg6+ Kd7 11.Bd3 Nxe5 12.h4 Nxd3+ 13.cxd3 g4 14.Qxg4 Qf6 15.Nf3 Bd6
16.Be3 Rf8 17.Rc1 c6 18.O-O b6 19.Bg5 Qg6 20.Qa4 Bb7 21.Nd4 Rfc8 22.f4 Qxd3
23.f5 e5 24.Ne6 d4 25.Rcd1 Qb5 26.Qc2 Qd5 27.f6 c5 28.Qxh7+ Kc6 29.Ng7 Kb5
30.Rd2 e4 31.Nf5 Rc7 32.f7 Be5 33.Ne7 Rxe7 34.Bxe7 e3 35.a4+ Ka6 36.Qd3+ c4
37.Qxe3 dxe3 38.Rxd5 Bxd5 39.f8=Q Rxf8 40.Bxf8 Bxb2 41.Bh6 Bd4 42.Re1 Bc3
43.Re2 Ka5 44.Bxe3 Kxa4 45.Ra2+ Kb3 46.Rxa7 b5 47.h5 b4 48.h6 Kc2 49.Rd7 Be4
50.Bc5 b3 51.Ba3 Bf6 52.Kf2 c3 53.Ke3 Bc6 54.Rd6 b2 55.Bxb2 Kxb2 56.Rxc6 c2
57.Kd3 c1=Q 58.Rxc1 Kxc1 59.g4 Bg5 60.h7 Bf6 61.g5 Bh8 62.Ke4 Kd2 63.g6 Ke2
64.Kf5 Kf3 65.Ke6 Kg4 66.Kf7  1-0

[Event "IMC"]
[Site "Olomouc CZE"]
[Date "2009.08.07"]
[Round "3"]
[White "Gasik,An"]
[Black "Tibensky,R"]
[Result "0-1"]
[WhiteElo "2216"]
[BlackElo "2418"]

1.e4 e6 2.d4 d5 3.Nd2 a6 4.Ngf3 c5 5.exd5 exd5 6.Be2 Nf6 7.O-O Be7 8.dxc5 Bxc5
9.Nb3 Bb6 10.Bg5 O-O 11.c3 Re8 12.Nfd4 Nc6 13.Bf3 Bc7 14.Nxc6 bxc6 15.Bh4 a5
16.Nd4 Bd7 17.c4 Ra6 18.cxd5 cxd5 19.Bg3 Ne4 20.Bxc7 Qxc7 21.Bg4 Bxg4 22.Qxg4 Rg6
23.Qf5 Rg5 24.Qh3 Qb6 25.Nf3 Rg6 26.Qd7 Rd8 27.Qe7 Re6 28.Qh4 Rde8 29.b3 Nc3
30.Qh5 h6 31.Qf5 Re4 32.Kh1 Re2 33.Ng1 R2e4 34.Nf3 Qb4 35.Rac1 d4 36.a3 Qxb3
37.Qxa5 Ne2 38.Rce1 Qe6 39.Qd2 Qg6 40.g3 Qc6 41.Kg2 d3 42.Ng1 Nf4+ 43.gxf4 Rxe1+
44.Nf3 Rxf1  0-1